Pokémon de la deuxième génération - Mort subite - Statistiques

Statistiques générales
  • Ce quiz a été pris 120 fois
  • Le résultat moyen est 8 sur 15
Answers on the Grid
Answers color-coded by a green-red scale on the quiz's grid according to % correct below.
Lippouti
Kungfouine
Nostenfer
Celebi
Magirêve
Coxyclaque
Limagma
Mygavolt
Cerbyllin
Azurill
Démolosse
Méga-Pharamp
Corayon de Galar
Cizayox
Ptiravi
Lugia
Queulorior
Magmar
Zigzaton
Pichu
Terraiste
Floravol
Mammochon
Hyporoi
Typhlosion de Hisui
Ectoplasma Gigamax
Yanmega
Qwilfish
Teddiursa
Zarbi
 
Statistiques - réponses
Réponse % Correct
Lippouti
81%
Celebi
77%
Nostenfer
74%
Coxyclaque
71%
Limagma
64%
Démolosse
52%
Lugia
49%
Cizayox
43%
Pichu
43%
Qwilfish
43%
Zarbi
42%
Hyporoi
41%
Teddiursa
41%
Floravol
38%
Queulorior
33%
Aucun quiz correspondant
Distribution des résultats
% des personnes avec chaque résultat
Percentile par nombre de réponses
Votre historique - résultats
Vous n’avez pas pris ce quiz